| 000 | 00464nam a22001697a 4500 | ||
|---|---|---|---|
| 003 | NUST - PNEC | ||
| 005 | 20170116181146.0 | ||
| 008 | 151013b xxu||||| |||| 00| 0 eng d | ||
| 020 | _a0132068893 | ||
| 040 | _cLIBRARY | ||
| 082 | _a660.284 BEQ | ||
| 100 |
_915040 _aBequette, B. Wayne |
||
| 245 |
_aProcess dynamics : modeling, analysis, and simulation _cB. Wayne Bequette |
||
| 260 | _cc.1998 | ||
| 650 |
_915041 _aChemical processes _xME |
||
| 942 |
_2ddc _cBK |
||
| 999 |
_c70732 _d70732 |
||